00366 2200145 4500001002100000005001500021008004100036020002200077035001900099082001000118090001600128100002000144245001600164260004000180INLIS00000000001201120241224114303241224||||||||| | ||| |||| ||  a978-602-7652-22-4 0010-12240120110 a372.2 a372.2 HER p0 aHERLINA SITORUS00aSIRKUS SERU atangerangbPenerbit buah hatic2013